| 000 | 01624nam a2200433 c 4500 | ||
|---|---|---|---|
| 999 |
_c51653 _d51653 |
||
| 001 | 51653 | ||
| 003 | ES-MaCES | ||
| 005 | 20220217111047.0 | ||
| 008 | 201221s2020 sp 000 | spa d | ||
| 017 |
_aM 17797-2020 _bDL |
||
| 020 | _a9788418190346 | ||
| 040 |
_aES-MaCES _bspa _cES-MaCES |
||
| 100 | 1 |
_920299 _aPalomo Balda, Emilio |
|
| 245 | 1 | 0 |
_aTrabajadores y empresas en concurso _b: soluciones en las jurisdicciones civil (mercantil) y social : [conforme al nuevo texto refundido de la Ley Concursal (RDLeg 1/2020)] _c[Emilio Palomo Balda] |
| 260 |
_aMadrid _bLefebvre-El Derecho _c2020 |
||
| 300 |
_a251 p. _c22 cm |
||
| 490 | 1 | _aClaves prácticas | |
| 500 | _aÍndices | ||
| 541 | _cCompra | ||
| 610 | 1 | 7 |
_aEspaña _tReal Decreto Legislativo por el que se aprueba el texto refundido de la Ley Concursal, 2020 _2 _939828 |
| 650 | 4 |
_aquiebra _928275 |
|
| 650 | 4 |
_aempresa _928178 |
|
| 650 | 4 |
_acondiciones de trabajo _928327 |
|
| 650 | 4 |
_asuspensión del contrato de trabajo _930703 |
|
| 650 | 4 |
_adespido colectivo _928359 |
|
| 650 | 4 |
_aderechos de la dirección _929896 |
|
| 650 | 4 |
_aderechos de los trabajadores _929924 |
|
| 650 | 4 |
_aderecho concursal _931756 |
|
| 650 | 4 |
_aderecho de responsabilidad civil _929891 |
|
| 650 | 4 |
_aderecho mercantil _927157 |
|
| 650 | 4 |
_aderecho del trabajo _927165 |
|
| 650 | 4 |
_aEspaña _926964 |
|
| 650 | 4 |
_arégimen jurídico _929894 |
|
| 653 | 1 | 0 | _aDerecho del trabajo y Seguridad Social |
| 710 | 2 |
_aEdiciones Francis Lefebvre _eed. _92636 |
|
| 830 | 0 |
_935955 _aClaves prácticas (Francis Lefebvre) |
|
| 902 | _aLIB Libro | ||
| 942 |
_2CES _cBK _h6.0.1. |
||